[Event "Scarborough CC Howard Ridout"]
[Site "Toronto CAN"]
[Date "2017.10.05"]
[Round "4.1"]
[White "Zhao, Harry"]
[Black "Southam, David"]
[Result "1/2-1/2"]
[WhiteElo "2170"]
[BlackElo "2214"]
[WhiteFideId "-1"]
[WhiteFideId "-1"]
[PlyCount "70"]
[GameId "2160767908330342"]
[EventDate "2017.09.14"]
[EventType "swiss"]
[EventRounds "7"]
[EventCountry "CAN"]
[SourceTitle "hb 2017"]

1. d4 c5 2. e3 cxd4 3. exd4 d5 4. Bd3 g6 5. c3 Bg7 6. Bf4 Nc6 7. Nf3 Bf5 8. Bxf5 gxf5 9. O-O e6 10. Qc1 Rc8 11. Rd1 Qf6 12. Be5 Nxe5 13. dxe5 Qd8 14. Qe3 a6 15. Na3 Ne7 16. c4 O-O 17. Rac1 Qe8 18. Qb3 Rb8 19. Rc2 b5 20. cxb5 axb5 21. Rc5 b4 22. Nc2 Ng6 23. Nxb4 Nxe5 24. Nxe5 Bxe5 25. a3 Bd6 26. Ra5 Qe7 27. Ra4 Rfc8 28. g3 Rc4 29. Qe3 Bxb4 30. axb4 Qf6 31. Qb3 Qe7 32. b5 Rxa4 33. Qxa4 Qc5 34. Qf4 Qxb5 35. Qg5+ Kf8 1/2-1/2

[Event "Scarborough CC Howard Ridout"]
[Site "Toronto CAN"]
[Date "2017.10.05"]
[Round "4.2"]
[White "Picana, Andrew"]
[Black "Feng, Richard"]
[Result "1-0"]
[WhiteElo "2071"]
[BlackElo "1925"]
[WhiteFideId "-1"]
[WhiteFideId "-1"]
[PlyCount "107"]
[GameId "2160767908330343"]
[EventDate "2017.09.14"]
[EventType "swiss"]
[EventRounds "7"]
[EventCountry "CAN"]
[SourceTitle "hb 2017"]

1. Nf3 f5 2. c4 Nf6 3. Nc3 g6 4. g3 d6 5. Bg2 e5 6. d3 Bg7 7. O-O O-O 8. Qb3 Kh8 9. Bg5 h6 10. Be3 Na6 11. Rad1 g5 12. h4 g4 13. Nh2 f4 14. gxf4 Nh5 15. f5 Qxh4 16. Ne4 Rxf5 17. Ng3 Nxg3 18. fxg3 Qxg3 19. Bf2 Rxf2 20. Rxf2 Nc5 21. Qc3 e4 22. Rf8+ Kh7 23. Rf7 Qe3+ 24. Kh1 Qg5 25. d4 Be6 26. Rxg7+ Qxg7 27. dxc5 Qg6 28. cxd6 g3 29. Nf1 Qh5+ 30. Kg1 Rg8 31. Nxg3 Qh4 32. Bxe4+ Qxe4 33. Qd3 Qxd3 34. Rxd3 cxd6 35. b3 h5 36. Kh2 h4 37. Nh5 Kg6 38. Rxd6 Kxh5 39. Rxe6 Rf8 40. Re7 Kg4 41. Rg7+ Kh5 42. Rxb7 Rf2+ 43. Kg1 Rxe2 44. Rxa7 Kg4 45. Rg7+ Kf3 46. Rh7 Kg3 47. Rg7+ Kf3 48. c5 Rc2 49. b4 Rxa2 50. c6 Ra1+ 51. Kh2 Ra2+ 52. Kh3 Ra1 53. Kxh4 Rh1+ 54. Kg5 1-0

[Event "Scarborough CC Howard Ridout"]
[Site "Toronto CAN"]
[Date "2017.10.05"]
[Round "4.3"]
[White "Lei, Sean"]
[Black "Uthayakumar, Ronan"]
[Result "1-0"]
[WhiteElo "2117"]
[BlackElo "1843"]
[WhiteFideId "-1"]
[WhiteFideId "-1"]
[PlyCount "101"]
[GameId "2160767908330344"]
[EventDate "2017.09.14"]
[EventType "swiss"]
[EventRounds "7"]
[EventCountry "CAN"]
[SourceTitle "hb 2017"]

1. e4 c5 2. Nf3 Nc6 3. c3 Nf6 4. e5 Nd5 5. d4 cxd4 6. Bc4 Nb6 7. Bb3 d6 8. exd6 Qxd6 9. cxd4 e6 10. Nc3 Be7 11. O-O O-O 12. Nb5 Qb4 13. Nc7 Rb8 14. Bd2 Qd6 15. Nb5 Qd8 16. Bf4 Ra8 17. Nc7 Rb8 18. d5 exd5 19. Nxd5 Bd6 20. Nf6+ Qxf6 21. Qxd6 Be6 22. Bxe6 fxe6 23. Bg5 Qg6 24. Qg3 Rf5 25. Bf4 Qxg3 26. Bxg3 Rd8 27. Rfe1 Kf7 28. Bh4 Rdd5 29. Re4 h6 30. Rae1 e5 31. Bg3 Ke6 32. Nh4 Rf6 33. f4 g5 34. fxe5 Rf7 35. Nf3 Nd7 36. h4 Rf5 37. hxg5 hxg5 38. Kh2 Ndxe5 39. Bxe5 Nxe5 40. Nd4+ Kf6 41. Nxf5 Kxf5 42. R1e2 Ng4+ 43. Kg1 Rd1+ 44. Re1 Rd2 45. R4e2 Rd3 46. Re7 Kf4 47. Rxb7 Kg3 48. Rh7 Nf2 49. Rf1 Rd2 50. Rxf2 Rxf2 51. Rh3+ 1-0

[Event "Scarborough CC Howard Ridout"]
[Site "Toronto CAN"]
[Date "2017.10.05"]
[Round "4.4"]
[White "Zheng, Kevin"]
[Black "Zhao, Yanchun"]
[Result "1-0"]
[WhiteElo "1884"]
[BlackElo "1827"]
[WhiteFideId "-1"]
[WhiteFideId "-1"]
[PlyCount "157"]
[GameId "2160767908330345"]
[EventDate "2017.09.14"]
[EventType "swiss"]
[EventRounds "7"]
[EventCountry "CAN"]
[SourceTitle "hb 2017"]

1. d4 Nf6 2. c4 g6 3. Nc3 d5 4. Bf4 Bg7 5. Nf3 O-O 6. e3 c6 7. h3 Qb6 8. Qb3 Nbd7 9. Be2 dxc4 10. Bxc4 Qxb3 11. Bxb3 Nb6 12. O-O Bf5 13. Rfe1 Ne4 14. Bh2 e6 15. Rad1 a5 16. a4 Nd5 17. Nxe4 Bxe4 18. Ng5 Nf6 19. Bd6 Rfe8 20. Nxe4 Nxe4 21. Bc7 Re7 22. Be5 Bxe5 23. dxe5 Nc5 24. Bc2 Rd7 25. Rxd7 Nxd7 26. f4 Nb6 27. Rd1 Nc4 28. Kf2 Rb8 29. b3 Nb6 30. e4 Kf8 31. Kf3 Ke7 32. Kg4 h6 33. f5 gxf5+ 34. exf5 Rg8+ 35. Kf3 exf5 36. Bxf5 Rg5 37. g4 Nd5 38. Rd4 h5 39. Rd3 h4 40. Ke4 Rg8 41. Kf3 Rd8 42. g5 Rh8 43. Kg4 b6 44. Kf3 Rg8 45. Kg4 Rh8 46. Rf3 Nc7 47. Rc3 c5 48. Rd3 Rd8 49. Rxd8 Kxd8 50. Kxh4 b5 51. Bd3 bxa4 52. bxa4 Ke7 53. Bc4 Ne6 54. Kg4 Nf8 55. Kf4 Ng6+ 56. Ke4 Ke8 57. Bd3 Ke7 58. Kf5 Nh4+ 59. Kg4 Ng6 60. Bxg6 fxg6 61. Kf4 Ke6 62. Ke4 c4 63. Kd4 c3 64. Kxc3 Kxe5 65. Kc4 Kf5 66. Kb5 Kxg5 67. Kxa5 Kh4 68. Kb4 Kxh3 69. a5 g5 70. a6 g4 71. a7 g3 72. a8=Q g2 73. Qf3+ Kh2 74. Qf2 Kh1 75. Qh4+ Kg1 76. Kc3 Kf1 77. Qf4+ Ke2 78. Qg3 Kf1 79. Qf3+ 1-0

[Event "Scarborough CC Howard Ridout"]
[Site "Toronto CAN"]
[Date "2017.10.05"]
[Round "4.6"]
[White "Ning, Eric"]
[Black "Cale, Ferdinand"]
[Result "1-0"]
[WhiteElo "2024"]
[BlackElo "1864"]
[WhiteFideId "-1"]
[WhiteFideId "-1"]
[PlyCount "53"]
[GameId "2160767908330347"]
[EventDate "2017.09.14"]
[EventType "swiss"]
[EventRounds "7"]
[EventCountry "CAN"]
[SourceTitle "hb 2017"]

1. d4 d6 2. c4 e6 3. Nc3 f6 4. e4 g6 5. Nf3 Bg7 6. Bf4 Ne7 7. h4 O-O 8. Qd2 e5 9. Bh6 c5 10. d5 Bg4 11. Nh2 Bd7 12. O-O-O f5 13. h5 f4 14. Bxg7 Kxg7 15. g3 g5 16. gxf4 exf4 17. h6+ Kh8 18. Be2 Ng6 19. Rdg1 Ne5 20. Nf3 Nxf3 21. Bxf3 Qf6 22. Rh5 Rg8 23. e5 Qxe5 24. Ne4 Na6 25. Rhxg5 Bf5 26. Nxd6 Qf6 27. Nf7+ 1-0

[Event "Scarborough CC Howard Ridout"]
[Site "Toronto CAN"]
[Date "2017.10.05"]
[Round "4.7"]
[White "Hay, Jonathan"]
[Black "Manalo, Pepin"]
[Result "1/2-1/2"]
[WhiteElo "1710"]
[BlackElo "1851"]
[WhiteFideId "-1"]
[WhiteFideId "-1"]
[PlyCount "125"]
[GameId "2160767908330348"]
[EventDate "2017.09.14"]
[EventType "swiss"]
[EventRounds "7"]
[EventCountry "CAN"]
[SourceTitle "hb 2017"]

1. d4 e6 2. Bf4 f5 3. e3 Nf6 4. Nf3 Be7 5. c4 c6 6. Nbd2 O-O 7. h4 Qe8 8. Be2 a5 9. c5 Nd5 10. Be5 b5 11. h5 Ba6 12. h6 g6 13. Bg7 Rf7 14. Ne5 Rxg7 15. hxg7 Kxg7 16. Qb3 a4 17. Qc2 d6 18. cxd6 Bxd6 19. Nd3 Ra7 20. Nc5 Bc8 21. a3 Rc7 22. b4 Nd7 23. Nf3 h6 24. O-O-O e5 25. Rdg1 e4 26. Nd2 N7f6 27. g3 Qf7 28. Nb1 Nb6 29. Nc3 Nbd7 30. Kb2 Nxc5 31. bxc5 Be7 32. Na2 Nd5 33. Nb4 Bf6 34. Qd2 Be6 35. Rh2 Qe7 36. Kb1 Bf7 37. Rgh1 h5 38. Rc1 Qe6 39. Rc2 Qe7 40. Nxd5 Bxd5 41. Qb4 Rb7 42. Rc1 Bc4 43. Rc2 Bb3 44. Rc1 Rb8 45. Rch1 Bf7 46. Rc1 Qe6 47. Bc4 Qe8 48. Bxf7 Qxf7 49. Rhh1 Rh8 50. Rcd1 Qd5 51. Rh2 g5 52. Rdh1 h4 53. gxh4 Rxh4 54. Rxh4 gxh4 55. Rg1+ Kf7 56. Qc3 f4 57. Qc2 h3 58. Qa2 Qxa2+ 59. Kxa2 Bh4 60. Rg4 Bf6 61. Rg1 Bh4 62. Rg4 Bf6 63. Rg1 1/2-1/2

[Event "Scarborough CC Howard Ridout"]
[Site "Toronto CAN"]
[Date "2017.10.05"]
[Round "4.8"]
[White "Sivapathasundaram, Manojh"]
[Black "De Costa, Alex"]
[Result "1/2-1/2"]
[WhiteElo "1837"]
[BlackElo "1890"]
[WhiteFideId "-1"]
[WhiteFideId "-1"]
[PlyCount "44"]
[GameId "2160767908330349"]
[EventDate "2017.09.14"]
[EventType "swiss"]
[EventRounds "7"]
[EventCountry "CAN"]
[SourceTitle "hb 2017"]

1. e4 c5 2. Nf3 e6 3. d4 cxd4 4. Nxd4 a6 5. Nc3 Qc7 6. Be3 Bb4 7. Qd2 Nf6 8. Bd3 d5 9. exd5 Nxd5 10. Nde2 Nxe3 11. Qxe3 Nc6 12. a3 Be7 13. Qg3 Qxg3 14. Nxg3 b5 15. O-O O-O 16. Rfd1 Bb7 17. Be4 Rfd8 18. Nge2 Bf6 19. Kf1 Rab8 20. Rxd8+ Rxd8 21. Rd1 Rxd1+ 22. Nxd1 Na5 1/2-1/2

[Event "Scarborough CC Howard Ridout"]
[Site "Toronto CAN"]
[Date "2017.10.05"]
[Round "4.9"]
[White "Ghazarian, Tigran"]
[Black "Sharpe, Sam"]
[Result "1-0"]
[WhiteElo "1707"]
[BlackElo "1955"]
[WhiteFideId "-1"]
[WhiteFideId "-1"]
[PlyCount "69"]
[GameId "2160767908330350"]
[EventDate "2017.09.14"]
[EventType "swiss"]
[EventRounds "7"]
[EventCountry "CAN"]
[SourceTitle "hb 2017"]

1. e4 e6 2. d4 d5 3. Nd2 Nf6 4. e5 Nfd7 5. Bd3 c5 6. c3 Nc6 7. Ne2 Qb6 8. Nf3 cxd4 9. cxd4 f6 10. exf6 Nxf6 11. O-O Bd6 12. Re1 O-O 13. Nc3 Bd7 14. a3 Rae8 15. Bc2 Kh8 16. Bg5 a6 17. Qd3 g6 18. Bh6 Rg8 19. h3 e5 20. Bg5 Be7 21. Bxf6+ Bxf6 22. Nxd5 Qd8 23. Nxf6 Qxf6 24. dxe5 Nxe5 25. Rxe5 Rxe5 26. Nxe5 Bf5 27. Qc3 Bxc2 28. Nxg6+ Rxg6 29. Qxc2 Kg8 30. Qc8+ Kg7 31. Qxb7+ Kh6 32. Re1 a5 33. Re7 Qf4 34. Rxh7+ Kg5 35. Qd5+ 1-0

[Event "Scarborough CC Howard Ridout"]
[Site "Toronto CAN"]
[Date "2017.10.12"]
[Round "5.1"]
[White "Southam, David"]
[Black "Picana, Andrew"]
[Result "0-1"]
[WhiteElo "2214"]
[BlackElo "2071"]
[WhiteFideId "-1"]
[WhiteFideId "-1"]
[PlyCount "134"]
[GameId "2160767908330351"]
[EventDate "2017.09.14"]
[EventType "swiss"]
[EventRounds "7"]
[EventCountry "CAN"]
[SourceTitle "hb 2017"]

1. d4 Nf6 2. c4 c5 3. d5 e6 4. Nc3 exd5 5. cxd5 d6 6. e4 Be7 7. f4 O-O 8. Nf3 a6 9. a4 Bg4 10. h3 Bxf3 11. Qxf3 Nbd7 12. Bd3 Qc7 13. b3 Rfe8 14. O-O Bf8 15. Bb2 c4 16. Bxc4 Nc5 17. Rfe1 Nxb3 18. Bxb3 Qb6+ 19. Kh2 Qxb3 20. Rab1 Qc4 21. Rbc1 Qb4 22. Ba1 Qa5 23. Rb1 Qc7 24. Re2 Nd7 25. Nd1 Nc5 26. Nc3 f6 27. Rc2 Nxe4 28. Rbc1 Nxc3 29. Rxc3 Qf7 30. Rc7 Re7 31. Rc8 Rxc8 32. Rxc8 Rc7 33. Rb8 Rc5 34. Qb3 Qxd5 35. Qxd5+ Rxd5 36. Rxb7 Ra5 37. Rb4 d5 38. Rb8 Rxa4 39. Bc3 Rxf4 40. Ba5 Re4 41. Bc7 Kf7 42. Ra8 Re6 43. Bg3 Bd6 44. Ra7+ Kg6 45. Rd7 Bxg3+ 46. Kxg3 a5 47. Ra7 Rd6 48. Rxa5 d4 49. Ra2 d3 50. Rd2 Kh5 51. Kf3 f5 52. g3 g5 53. g4+ Kg6 54. Ke3 h5 55. gxf5+ Kxf5 56. Rf2+ Ke5 57. Kd2 g4 58. hxg4 hxg4 59. Rf8 Ke4 60. Re8+ Kf3 61. Rf8+ Kg2 62. Rf7 g3 63. Rf8 Kh1 64. Rh8+ Kg1 65. Rf8 g2 66. Rf7 Rh6 67. Kxd3 Kh1 0-1

[Event "Scarborough CC Howard Ridout"]
[Site "Toronto CAN"]
[Date "2017.10.12"]
[Round "5.2"]
[White "Issani, Nameer"]
[Black "Li, William"]
[Result "1/2-1/2"]
[WhiteElo "2061"]
[BlackElo "2128"]
[WhiteFideId "-1"]
[WhiteFideId "-1"]
[PlyCount "59"]
[GameId "2160767908330352"]
[EventDate "2017.09.14"]
[EventType "swiss"]
[EventRounds "7"]
[EventCountry "CAN"]
[SourceTitle "hb 2017"]

1. d4 Nf6 2. c4 e6 3. Nc3 Bb4 4. e3 b6 5. Nge2 c5 6. a3 Ba5 7. Bd2 O-O 8. Ng3 Bb7 9. f3 cxd4 10. exd4 Bxc3 11. Bxc3 d5 12. b3 Nc6 13. Be2 Qd7 14. Qd2 Rad8 15. Rd1 Rfe8 16. O-O e5 17. dxe5 Nxe5 18. Qb2 Qc7 19. f4 Ned7 20. Kh1 dxc4 21. Bxc4 Qc6 22. Nf5 b5 23. Rd6 Qc5 24. Bxf6 Nxf6 25. Rxf6 bxc4 26. Rxf7 Kxf7 27. Qxg7+ Ke6 28. Re1+ Be4 29. Rxe4+ Kxf5 30. Qxh7+ 1/2-1/2

[Event "Scarborough CC Howard Ridout"]
[Site "Toronto CAN"]
[Date "2017.10.12"]
[Round "5.3"]
[White "Huang, Youhe"]
[Black "Lei, Sean"]
[Result "0-1"]
[WhiteElo "1849"]
[BlackElo "2117"]
[WhiteFideId "-1"]
[WhiteFideId "-1"]
[PlyCount "68"]
[GameId "2160767908330353"]
[EventDate "2017.09.14"]
[EventType "swiss"]
[EventRounds "7"]
[EventCountry "CAN"]
[SourceTitle "hb 2017"]

1. e4 c5 2. Nf3 d6 3. d4 cxd4 4. Nxd4 Nf6 5. Nc3 a6 6. Bg5 e6 7. f4 Be7 8. Qf3 h6 9. Bh4 g5 10. fxg5 Nfd7 11. Nxe6 fxe6 12. Qh5+ Kf8 13. Bc4 Ne5 14. O-O+ Kg8 15. Rf6 Bxf6 16. gxf6 Qf8 17. Nd5 exd5 18. Bxd5+ Kh7 19. Bg3 Qxf6 20. Rf1 Bg4 21. Rxf6 Bxh5 22. Rxd6 Nbc6 23. Bxc6 Nxc6 24. Rd7+ Kg8 25. Rxb7 Rh7 26. Rb6 Nd4 27. Be5 Nxc2 28. g4 Be8 29. Kf2 Bb5 30. h4 Re8 31. Rg6+ Kf7 32. Rf6+ Ke7 33. g5 hxg5 34. hxg5 Kd7 0-1

[Event "Scarborough CC Howard Ridout"]
[Site "Toronto CAN"]
[Date "2017.10.12"]
[Round "5.4"]
[White "Qiao, Cindy"]
[Black "Noorali, Aahil"]
[Result "0-1"]
[WhiteElo "1887"]
[BlackElo "2004"]
[WhiteFideId "-1"]
[WhiteFideId "-1"]
[PlyCount "72"]
[GameId "2160767908330354"]
[EventDate "2017.09.14"]
[EventType "swiss"]
[EventRounds "7"]
[EventCountry "CAN"]
[SourceTitle "hb 2017"]

1. e4 e5 2. Nf3 Nc6 3. Bc4 Bc5 4. c3 Nf6 5. d3 d6 6. Bb3 Bb6 7. Nbd2 Ne7 8. h3 Ng6 9. Nc4 O-O 10. Nxb6 axb6 11. Bc2 d5 12. Qe2 Re8 13. O-O c6 14. Re1 Qc7 15. Nh2 Bd7 16. Bg5 Qd6 17. Bb3 h6 18. Bd2 Be6 19. Bc2 b5 20. a3 dxe4 21. dxe4 Bc4 22. Qd1 Rad8 23. Be3 Qe7 24. Qf3 Bd3 25. Bxd3 Rxd3 26. Qe2 Red8 27. Nf3 R3d7 28. Qc2 Qe6 29. Nd2 Nf4 30. Bxf4 exf4 31. Nf3 Rd3 32. Nd4 Qc4 33. Rac1 R8xd4 34. cxd4 Qxd4 35. e5 Ne4 36. Rcd1 Nxf2 0-1

[Event "Scarborough CC Howard Ridout"]
[Site "Toronto CAN"]
[Date "2017.10.12"]
[Round "5.5"]
[White "Yie, Kevin"]
[Black "Ghazarian, Tigran"]
[Result "1/2-1/2"]
[WhiteElo "2089"]
[BlackElo "1707"]
[WhiteFideId "-1"]
[WhiteFideId "-1"]
[PlyCount "81"]
[GameId "2160767908330355"]
[EventDate "2017.09.14"]
[EventType "swiss"]
[EventRounds "7"]
[EventCountry "CAN"]
[SourceTitle "EXT 2022"]
[Source "ChessBase"]
[SourceDate "2021.10.06"]
[SourceVersion "1"]
[SourceVersionDate "2021.10.06"]
[SourceQuality "1"]

1. e4 c5 2. Nf3 Nc6 3. c3 Nf6 4. e5 Nd5 5. d4 cxd4 6. cxd4 d6 7. Bb5 Qb6 8. Bxc6+ Qxc6 9. O-O g6 10. h3 Bg7 11. Bg5 O-O 12. Nbd2 Bf5 13. Rc1 Qd7 14. Nc4 b5 15. Ne3 Be6 16. a3 h6 17. Bh4 Nxe3 18. fxe3 Bc4 19. Rf2 dxe5 20. Nxe5 Bxe5 21. dxe5 Qxd1+ 22. Rxd1 g5 23. Bg3 e6 24. Rd4 Rfd8 25. Rf6 Kg7 26. h4 Rd5 27. hxg5 hxg5 28. Rf2 Rad8 29. Rfd2 Kg6 30. Kf2 Rxd4 31. exd4 a5 32. Ke3 a4 33. Rf2 Bd5 34. Rf6+ Kg7 35. Rf2 Rc8 36. Re2 Rc1 37. Bh2 Rh1 38. g4 Rf1 39. Rf2 Rh1 40. Kd2 Rb1 41. Kc3 1/2-1/2

[Event "Scarborough CC Howard Ridout"]
[Site "Toronto CAN"]
[Date "2017.10.12"]
[Round "5.6"]
[White "Palacios, Bobby"]
[Black "Lawless, David"]
[Result "1-0"]
[WhiteElo "2023"]
[BlackElo "2050"]
[WhiteFideId "-1"]
[WhiteFideId "-1"]
[PlyCount "83"]
[GameId "2160767908330356"]
[EventDate "2017.09.14"]
[EventType "swiss"]
[EventRounds "7"]
[EventCountry "CAN"]
[SourceTitle "hb 2017"]

1. d4 Nf6 2. c4 g6 3. Nc3 Bg7 4. e4 O-O 5. Nf3 d6 6. Be2 e5 7. O-O Nc6 8. d5 Ne7 9. b4 a5 10. Ba3 axb4 11. Bxb4 b6 12. a4 Ne8 13. a5 bxa5 14. Rxa5 Rb8 15. Rb5 Bd7 16. Rxb8 Qxb8 17. Ba3 Bh6 18. Nd2 f5 19. c5 Bxd2 20. Qxd2 fxe4 21. Nxe4 Nf5 22. c6 Bc8 23. Bd3 Nf6 24. Nxf6+ Rxf6 25. Qa5 Qb3 26. Qxc7 Qxa3 27. Qxc8+ Kg7 28. Qa6 Qc5 29. Qc4 Ne7 30. Qxc5 dxc5 31. Be4 Nc8 32. Rc1 Nd6 33. f3 c4 34. Ra1 Rf7 35. Ra8 Kf6 36. Kf2 Nxe4+ 37. fxe4 Ke7+ 38. Ke3 Kd6 39. Rd8+ Kc5 40. Rd7 Rf8 41. c7 c3 42. Rd8 1-0

[Event "Scarborough CC Howard Ridout"]
[Site "Toronto CAN"]
[Date "2017.10.12"]
[Round "5.7"]
[White "Feng, Richard"]
[Black "Ning, Eric"]
[Result "0-1"]
[WhiteElo "1925"]
[BlackElo "2024"]
[WhiteFideId "-1"]
[WhiteFideId "-1"]
[PlyCount "46"]
[GameId "2160767908330357"]
[EventDate "2017.09.14"]
[EventType "swiss"]
[EventRounds "7"]
[EventCountry "CAN"]
[SourceTitle "hb 2017"]

1. e4 c5 2. Nf3 Nc6 3. d4 cxd4 4. Nxd4 g6 5. c4 Bg7 6. Be3 Nf6 7. f3 O-O 8. Nc3 Qa5 9. Nb3 Qh5 10. Qd2 d6 11. Bf4 Na5 12. Nd5 Nxd5 13. cxd5 Nxb3 14. axb3 f5 15. exf5 Qxf5 16. Be3 Qe5 17. Bc4 Bh6 18. Kd1 Bxe3 19. Qd3 Bf5 20. Qe2 Rfc8 21. Re1 Qd4+ 22. Bd3 Bg5 23. f4 Bg4 0-1

[Event "Scarborough CC Howard Ridout"]
[Site "Toronto CAN"]
[Date "2017.10.12"]
[Round "5.8"]
[White "Uthayakumar, Ronan"]
[Black "Hay, Jonathan"]
[Result "0-1"]
[WhiteElo "1843"]
[BlackElo "1710"]
[WhiteFideId "-1"]
[WhiteFideId "-1"]
[PlyCount "74"]
[GameId "2160767908330358"]
[EventDate "2017.09.14"]
[EventType "swiss"]
[EventRounds "7"]
[EventCountry "CAN"]
[SourceTitle "hb 2017"]

1. e4 c6 2. d4 d5 3. Nc3 dxe4 4. Nxe4 Bf5 5. Ng3 Bg6 6. h4 h6 7. Nf3 e6 8. Bd3 Bxd3 9. Qxd3 Nf6 10. c4 Bb4+ 11. Bd2 Bxd2+ 12. Qxd2 Nbd7 13. O-O-O O-O 14. Rhe1 b5 15. c5 Qc7 16. Ne5 Rad8 17. Qf4 Nxe5 18. Rxe5 Rd5 19. f3 Rfd8 20. Ne4 Nxe4 21. Qxe4 Qa5 22. Kb1 Qa4 23. b3 Qb4 24. Rxd5 Rxd5 25. Kb2 Qa5 26. g4 Qd8 27. g5 hxg5 28. h5 e5 29. h6 Rxd4 30. h7+ Kh8 31. Rxd4 Qxd4+ 32. Qxd4 exd4 33. Kc2 Kxh7 34. Kd3 Kg6 35. Kxd4 Kf5 36. a4 bxa4 37. b4 a6 0-1

[Event "Scarborough CC Howard Ridout"]
[Site "Toronto CAN"]
[Date "2017.10.12"]
[Round "5.9"]
[White "Sivapathasundaram, Manojh"]
[Black "Orozco, Joey"]
[Result "1-0"]
[WhiteElo "1837"]
[BlackElo "1860"]
[WhiteFideId "-1"]
[WhiteFideId "-1"]
[PlyCount "57"]
[GameId "2160767908330359"]
[EventDate "2017.09.14"]
[EventType "swiss"]
[EventRounds "7"]
[EventCountry "CAN"]
[SourceTitle "hb 2017"]

1. d4 Nf6 2. c4 g6 3. f3 c5 4. d5 b5 5. e4 d6 6. cxb5 a6 7. bxa6 Bxa6 8. Bxa6 Rxa6 9. Ne2 Qb6 10. O-O Bg7 11. Nbc3 O-O 12. Kh1 Nbd7 13. Qc2 Rb8 14. f4 e6 15. dxe6 fxe6 16. f5 gxf5 17. exf5 e5 18. Rd1 Qb7 19. Qd3 Kh8 20. Ng3 Ng4 21. Kg1 Ndf6 22. h3 Nh6 23. Nge4 Nf7 24. Nxf6 Bxf6 25. Qd5 Qe7 26. Ne4 Rg8 27. Qe6 Kg7 28. Rd3 Qxe6 29. fxe6 1-0

[Event "Scarborough CC Howard Ridout"]
[Site "Toronto CAN"]
[Date "2017.10.12"]
[Round "5.10"]
[White "Manalo, Pepin"]
[Black "Zhao, Yanchun"]
[Result "1/2-1/2"]
[WhiteElo "1851"]
[BlackElo "1827"]
[WhiteFideId "-1"]
[WhiteFideId "-1"]
[PlyCount "104"]
[GameId "2160767908330360"]
[EventDate "2017.09.14"]
[EventType "swiss"]
[EventRounds "7"]
[EventCountry "CAN"]
[SourceTitle "hb 2017"]

1. d4 Nf6 2. Nf3 e6 3. e3 b6 4. Bd3 Bb7 5. Nbd2 d5 6. b3 c5 7. Bb2 Be7 8. O-O O-O 9. Ne5 Nc6 10. f4 Qc7 11. a3 Ne4 12. Nxe4 Nxe5 13. Nf6+ Bxf6 14. fxe5 Bg5 15. Rf3 c4 16. Be2 f6 17. Rg3 Bh6 18. Bg4 Rae8 19. a4 g6 20. Ba3 Rf7 21. Bd6 Qc6 22. b4 Bf8 23. b5 Qd7 24. Bxf8 Rexf8 25. exf6 Rxf6 26. Rf3 Rxf3 27. Bxf3 Qf7 28. Qe2 Qf6 29. a5 Qd8 30. axb6 Qxb6 31. Bg4 Bc8 32. h3 Bd7 33. Ra6 Qxb5 34. Rxa7 Qb1+ 35. Qd1 Qxd1+ 36. Bxd1 Rf7 37. Bg4 Kf8 38. c3 Ke7 39. Kh2 Rf1 40. Kg3 Rc1 41. Ra3 Rc2 42. Bf3 Kf6 43. h4 Be8 44. Kf4 Bf7 45. g4 h6 46. g5+ Kg7 47. Bd1 Rh2 48. Kg3 Rh1 49. Ra1 Re1 50. Kf2 Rh1 51. Kg3 Re1 52. Kf2 Rh1 1/2-1/2

[Event "Scarborough CC Howard Ridout"]
[Site "Toronto CAN"]
[Date "2017.10.19"]
[Round "6.1"]
[White "Picana, Andrew"]
[Black "Zhao, Harry"]
[Result "0-1"]
[WhiteElo "2071"]
[BlackElo "2070"]
[WhiteFideId "-1"]
[WhiteFideId "-1"]
[PlyCount "110"]
[GameId "2160767908330361"]
[EventDate "2017.09.14"]
[EventType "swiss"]
[EventRounds "7"]
[EventCountry "CAN"]
[SourceTitle "hb 2017"]

1. e4 d5 2. exd5 Qxd5 3. Nc3 Qa5 4. d4 Nf6 5. Bc4 Bg4 6. f3 Bf5 7. Nge2 e6 8. O-O c6 9. Bb3 Bd6 10. Bf4 Bxf4 11. Nxf4 g5 12. Nd3 Nbd7 13. Qd2 Rg8 14. Rfe1 O-O-O 15. Qe3 Qc7 16. Ne5 Rg7 17. g4 Bg6 18. Rad1 h6 19. Re2 Nd5 20. Nxd5 exd5 21. c4 dxc4 22. Nxc4 f5 23. gxf5 Bxf5 24. d5 Nb6 25. Nxb6+ axb6 26. Qe5 Qxe5 27. Rxe5 Bh3 28. dxc6 Rxd1+ 29. Bxd1 bxc6 30. Re8+ Kc7 31. Rh8 Rg6 32. Kf2 Be6 33. a3 Rf6 34. Kg3 Bd5 35. Rh7+ Kd6 36. h4 gxh4+ 37. Kxh4 Bxf3 38. Bxf3 Rxf3 39. Rxh6+ Kc5 40. Kg4 Rf2 41. b3 Ra2 42. Rh5+ Kd4 43. a4 Ra3 44. Rh3 c5 45. Kf5 c4 46. Rh4+ Kd5 47. bxc4+ Kc5 48. Ke4 Kxc4 49. Rh6 Rxa4 50. Ke3 b5 51. Rc6+ Kb3 52. Kd3 b4 53. Rc1 Ra2 54. Rb1+ Rb2 55. Ra1 Rh2 0-1

[Event "Scarborough CC Howard Ridout"]
[Site "Toronto CAN"]
[Date "2017.10.19"]
[Round "6.2"]
[White "Li, William"]
[Black "Lei, Sean"]
[Result "1/2-1/2"]
[WhiteElo "2128"]
[BlackElo "2117"]
[WhiteFideId "-1"]
[WhiteFideId "-1"]
[PlyCount "50"]
[GameId "2160767908330362"]
[EventDate "2017.09.14"]
[EventType "swiss"]
[EventRounds "7"]
[EventCountry "CAN"]
[SourceTitle "hb 2017"]

1. e4 d6 2. d4 Nf6 3. Nc3 e5 4. Nf3 Nbd7 5. Bc4 Be7 6. O-O O-O 7. h3 c6 8. a4 b6 9. d5 Bb7 10. Re1 Qc7 11. Bg5 h6 12. Bxf6 Nxf6 13. Re2 Rac8 14. dxc6 Bxc6 15. Nd5 Bxd5 16. Bxd5 Nxd5 17. Qxd5 Qc4 18. Qxc4 Rxc4 19. c3 Rd8 20. Nd2 Rc5 21. c4 Bg5 22. b3 Bxd2 23. Rxd2 Kf8 24. Kf1 Ke7 25. Ke2 a6 1/2-1/2

[Event "Scarborough CC Howard Ridout"]
[Site "Toronto CAN"]
[Date "2017.10.19"]
[Round "6.3"]
[White "Noorali, Aahil"]
[Black "Issani, Nameer"]
[Result "1/2-1/2"]
[WhiteElo "2004"]
[BlackElo "2061"]
[WhiteFideId "-1"]
[WhiteFideId "-1"]
[PlyCount "43"]
[GameId "2160767908330363"]
[EventDate "2017.09.14"]
[EventType "swiss"]
[EventRounds "7"]
[EventCountry "CAN"]
[SourceTitle "hb 2017"]

1. d4 Nf6 2. c4 e6 3. Nc3 Bb4 4. e3 O-O 5. Nge2 c6 6. a3 Ba5 7. b4 Bc7 8. e4 d5 9. e5 Ne8 10. c5 a5 11. b5 b6 12. a4 f6 13. Ba3 bxc5 14. Bxc5 Rf7 15. f4 fxe5 16. dxe5 Nd7 17. Bf2 cxb5 18. axb5 Bb6 19. Bxb6 Nxb6 20. g3 Bd7 21. Nd4 Rc8 22. Na4 1/2-1/2

[Event "Scarborough CC Howard Ridout"]
[Site "Toronto CAN"]
[Date "2017.10.19"]
[Round "6.4"]
[White "Ning, Eric"]
[Black "Southam, David"]
[Result "0-1"]
[WhiteElo "2024"]
[BlackElo "2214"]
[WhiteFideId "-1"]
[WhiteFideId "-1"]
[PlyCount "76"]
[GameId "2160767908330364"]
[EventDate "2017.09.14"]
[EventType "swiss"]
[EventRounds "7"]
[EventCountry "CAN"]
[SourceTitle "hb 2017"]

1. d4 e6 2. c4 f5 3. a3 Nf6 4. Nc3 d5 5. Bf4 c6 6. Nf3 Be7 7. Ne5 O-O 8. e3 Nbd7 9. Be2 Ne4 10. Nxe4 dxe4 11. g4 Nxe5 12. Bxe5 Bf6 13. Bxf6 Qxf6 14. Qd2 fxg4 15. Bxg4 e5 16. Bxc8 Raxc8 17. dxe5 Qf3 18. Rg1 Rcd8 19. Qe2 Qf5 20. Rd1 Rxd1+ 21. Kxd1 Qxf2 22. Qxf2 Rxf2 23. e6 Rf6 24. Rg4 Rxe6 25. c5 Re5 26. b4 g5 27. Kc2 h5 28. Rg2 Rd5 29. Kc3 Kg7 30. Kc4 Kg6 31. h4 g4 32. a4 Rd3 33. Rg3 Kf5 34. b5 Ke5 35. b6 a5 36. Rg2 Rxe3 37. Rd2 Rd3 38. Rf2 Rd7 0-1